<?xml version="1.0" encoding="UTF-8"?>
<marc:record xmlns:marc="http://www.loc.gov/MARC21/slim">
   <marc:leader>00000nam a2200000 a 4500</marc:leader>
   <marc:datafield ind1="1" ind2=" " tag="100">
      <marc:subfield code="a">Bandixen, Ocke</marc:subfield>
      <marc:subfield code="4">aut</marc:subfield>
      <marc:subfield code="e">Verfasser/-in</marc:subfield>
   </marc:datafield>
   <marc:datafield ind1=" " ind2=" " tag="653">
      <marc:subfield code="a">Fussball</marc:subfield>
   </marc:datafield>
   <marc:datafield ind1=" " ind2=" " tag="653">
      <marc:subfield code="a">Erstes Lesealter (Erzählungen und Romane für Kinder)</marc:subfield>
   </marc:datafield>
   <marc:datafield ind1="0" ind2="0" tag="245">
      <marc:subfield code="a">Anpfiff für den Wunderstürmer</marc:subfield>
   </marc:datafield>
   <marc:datafield ind1=" " ind2="1" tag="264">
      <marc:subfield code="b">Loewe</marc:subfield>
      <marc:subfield code="c">2021</marc:subfield>
   </marc:datafield>
   <marc:datafield ind1="1" ind2=" " tag="490">
      <marc:subfield code="a">Leselöwen 1. Klasse</marc:subfield>
   </marc:datafield>
   <marc:datafield ind1="1" ind2=" " tag="520">
      <marc:subfield code="a">Tims bester Freund ist ein echter Fußballstar! Als Tims Mannschaft gegen Marios fiese Bande spielen muss, verrät ihm der Wunderstürmer sogar den ultimativen Fußball-Trick. Können sie damit das Spiel gewinnen?
Lesenlernen ganz einfach – mit den Erstlesebüchern der Reihe Leselöwen für die 1. Klasse
Die Kinderbuch-Bestseller unterstützen mit vielen Features das Textverständnis von Kindern ab 6 Jahren:
- kurze Sätze
- gut lesbare große Fibelschrift
- zahlreiche bunte Bilder</marc:subfield>
   </marc:datafield>
   <marc:datafield ind1=" " ind2=" " tag="020">
      <marc:subfield code="a">9783743209176</marc:subfield>
      <marc:subfield code="9">9783743209176</marc:subfield>
   </marc:datafield>
</marc:record>
